000 00500nam a2200121Ia 4500
008 220615s9999||||xx |||||||||||||| ||und||
100 _aRustam B. Rustamov
245 0 _aSatellite Information Classification and Interpretation
546 _aEnglish[eng]
650 _aPhysical Sciences||Engineering and Technology||Earth and Planetary Sciences||Remote Sensing||Geology and Geophysics
856 _uhttps://www.intechopen.com/books/satellite-information-classification-and-interpretation
942 _cEB
999 _c11861
_d11861